Harmonizačné snahy Európskej únie v oblasti daní

Rôznorodosť daňových systémov v členských krajinách Európskej únie. Harmonizácia - proces prispôsobovania daňových systémov tak, aby sa konštrukcia daní riadila rovnakými princípmi. Komplexné ponímanie daňovej harmonizácie. Explicitná a implicitná harmonizácia. Sadzby dane z príjmov spoločností v š...

ver descrição completa

Na minha lista:
Detalhes bibliográficos
Autor principal: Schultzová, Anna
Formato: Capítulo de Livro
Idioma:eslovaco
Assuntos:
Tags: Adicionar Tag
Sem tags, seja o primeiro a adicionar uma tag!

MARC

LEADER 00000naa$a2200000$$$4500
001 0082311
005 20240502071926.3
041 0 |a slo 
044 |a SK 
245 1 0 |a Harmonizačné snahy Európskej únie v oblasti daní  |c Anna Schultzová 
520 |a Rôznorodosť daňových systémov v členských krajinách Európskej únie. Harmonizácia - proces prispôsobovania daňových systémov tak, aby sa konštrukcia daní riadila rovnakými princípmi. Komplexné ponímanie daňovej harmonizácie. Explicitná a implicitná harmonizácia. Sadzby dane z príjmov spoločností v štátoch EÚ 25. Vývoj priemernej sadzby dane z príjmov spoločností v EÚ v rokoch 1995-2006. Snaha o vytvorenie jednotného základu dane členských štátov. 
610 2 0 |a dane z príjmov 
610 2 0 |a systémy daňové 
610 2 0 |a reformy daňové 
610 2 0 |a harmonizácia 
610 2 0 |a základ dane 
610 2 0 |a Európska únia 
100 1 |a Schultzová, Anna